Города Приморского края - Statistics

General Stats
  • This quiz has been taken 5 times
  • The average score is 6 of 12
Answer Stats
Население Город % Correct
594 201 Владивосток
100%
133 859 Находка
100%
108 274 Артём
100%
178 803 Уссурийск
80%
40 387 Большой Камень
40%
34 370 Спасск-Дальний
40%
46 543 Арсеньев
20%
34 289 Лесозаводск
20%
32 635 Партизанск
20%
32 310 Дальнегорск
20%
22 721 Дальнереченск
20%
19 358 Фокино
20%
No matching quizzes found
Score Distribution
Percent of People with Each Score
Percentile by Number Answered
Your Score History
You have not taken this quiz